000 01206nam2a22002411 4500
001 RU\NLR\INFOCOMM17\1000389851
005 20250617143653.0
035 _a(NLR Aleph) 002713147
090 _a1807750
_c1807750
100 _a20040213d1987 |||y0rusy50 ca
101 0 _arus
102 _aRU
105 _ay |||||||||
200 1 _aВопросы гидрохимии природных вод в условиях антропогенного воздействия
210 _d1987
_aБ. м.
461 0 _1001RU\NLR\INFOCOMM17\1000389837
_12001#$aГидрохимические материалы$fГл. упр. гидрометеорол. службы при Совете Министров СССР. Гидрохим. ин-т (г. Новочеркасск)$vТ.14
_91807678
_cЛ.
_d1972-
_fГл. упр. гидрометеорол. службы при Совете Министров СССР. Гидрохим. ин-т (г. Новочеркасск)
_nГидрометеоиздат
_tГидрохимические материалы
_vТ.14
801 1 _aRU
_bInfoComm
_c20040213
801 0 _aRU
_bNLR
_gPSBO
852 _aNLR
_jП7/1387
942 _cISSUE
980 _aNB
980 _aRUSPER